Lịch sử thế giới đại cương
Giới thiệu quá trình hình thành, phát triển của lịch sử thế giới từ xã hội nguyên thủy đến cách mạng khoa học - kĩ thuật từ 1945 đên nay.
Đã lưu trong:
| Tác giả chính: | |
|---|---|
| Định dạng: | Sách |
| Ngôn ngữ: | Vietnamese |
| Năm xuất bản: |
H.
Chính trị Quốc gia
1997
|
| Chủ đề: | |
| Tags: |
Thêm thẻ
Không có thẻ, Hãy là người đầu tiên gắn thẻ bản ghi này!
|
| LEADER | 01468cam a22002774a 4500 | ||
|---|---|---|---|
| 001 | 14733812 | ||
| 005 | 20161004142907.0 | ||
| 008 | 051121s2005 vm ab b 000 0 vie | ||
| 040 | |a DLC |c DLC | ||
| 042 | |a lcode | ||
| 043 | |a a-vt--- | ||
| 082 | |a 909 |b L302s | ||
| 100 | |a Nguyễn Xuân Sơn | ||
| 245 | 0 | 0 | |a Lịch sử thế giới đại cương |c Nguyễn Xuân Sơn, Nguyễn Hữu Cát, Nguyễn Thế Lực |
| 260 | |a H. |b Chính trị Quốc gia |c 1997 | ||
| 300 | |a 280 tr. |c 19 cm | ||
| 520 | |a Giới thiệu quá trình hình thành, phát triển của lịch sử thế giới từ xã hội nguyên thủy đến cách mạng khoa học - kĩ thuật từ 1945 đên nay. | ||
| 653 | |a Lịch sử | ||
| 653 | |a Thế giới | ||
| 906 | |a 7 |b cbc |c origode |d 3 |e ncip |f 20 |g y-gencatlg | ||
| 942 | |2 ddc |c STK0 | ||
| 955 | |a wj31 2006-05-08 to wj07 |c wj07 2007-02-14 to RCCD | ||
| 999 | |c 2863 |d 2863 | ||
| 952 | |0 0 |1 0 |2 ddc |4 0 |6 909_000000000000000_L302S |7 1 |8 900 |9 33631 |a qbu |b qbu |c D5 |d 2014-12-15 |g 175000 |l 1 |o 909 L302s |p 4041.C1 |r 2017-01-13 |s 2017-01-09 |w 2014-12-15 |y STK0 |0 0 |6 909_000000000000000_L302S | ||
| 952 | |0 0 |1 0 |2 ddc |4 0 |6 909_000000000000000_L302S |7 0 |8 900 |9 33632 |a qbu |b qbu |c D5 |d 2014-12-15 |g 175000 |l 2 |o 909 L302s |p 4041.C2 |r 2018-03-27 |s 2018-03-14 |w 2014-12-15 |y STK0 |0 0 |6 909_000000000000000_L302S | ||
| 952 | |0 0 |1 0 |2 ddc |4 0 |6 909_000000000000000_L302S |7 0 |8 900 |9 107908 |a qbu |b qbu |c D5 |d 2016-09-30 |g 17500 |l 5 |o 909 L302s |p 4041.c3 |r 2018-12-28 |s 2018-12-17 |w 2016-09-30 |y STK0 | ||